Scrittori nuovi : antologia italiana contemporanea

Gespeichert in:
Bibliographische Detailangaben
Weitere Verfasser: Angioletti, G.B. Falqui, E. Vittorini, E. (VerfasserIn eines Geleitwortes, HerausgeberIn)
Format: Buch
Sprache:Italienisch
Erschienen: Lanciano : Carabba Giuseppe, 1930
Katalog:EDISCO:  Suchergebnis im Bibliothekskatalog
Schulbuchspezifische Eigenschaften:
Schlagworte:
Tags: Tag hinzufügen
Keine Tags, Fügen Sie den ersten Tag hinzu!
Hinzugefügt zu:30.04.2016
Geändert in:18.10.2017

MARC

LEADER 00000aam a22000001 4500
001 00739
003 OSt
005 20171018093253.0
008 160501s1930 it 000 0 ita
040 |c Antonio Parlati - L'Acquila 
041 1 |a ita 
245 0 0 |a Scrittori nuovi :   |b antologia italiana contemporanea /  |c a cura di E. Falqui e E. Vittorini ; prefazione di G.B. Angioletti 
260 |a Lanciano :  |b Carabba Giuseppe,  |c 1930 
300 |a XVI, 664 p., 1/1 ;   |c in 16° 
510 3 |a 18 
650 4 |a Letteratura  |9 62 
655 |a Antologia  |9 32 
690 |a Secondaria superiore  |9 8 
700 1 |a Angioletti, G.B.  |e Author of introduction, etc.  |9 710  |a Falqui, E.   |e Editor  |9 711  |a Vittorini, E.  |9 712 
901 |a 1 
942 |2 ddc  |c BK 
546 |a ita 
999 |c 729  |d 729 
999 |c edisco:729  |d 729